Library and society (Record no. 1928)
[ view plain ]
| 000 -LEADER | |
|---|---|
| fixed length control field | 00465nam a2200205 4500 |
| 001 - CONTROL NUMBER | |
| control field | 1928 |
| 003 - CONTROL NUMBER IDENTIFIER | |
| control field | 0 |
| 005 - DATE AND TIME OF LATEST TRANSACTION | |
| control field | 20260409072653.0 |
| 008 - FIXED-LENGTH DATA ELEMENTS--GENERAL INFORMATION | |
| fixed length control field | 0 |
| 020 ## - INTERNATIONAL STANDARD BOOK NUMBER | |
| International Standard Book Number | 987654321234 |
| 040 ## - CATALOGING SOURCE | |
| Transcribing agency | 0 |
| 082 ## - DEWEY DECIMAL CLASSIFICATION NUMBER | |
| Edition information | Second edition |
| Classification number | 020.RAN |
| 100 ## - MAIN ENTRY--PERSONAL NAME | |
| Personal name | SR Ranganathan |
| 245 ## - TITLE STATEMENT | |
| Title | Library and society |
| 250 ## - EDITION STATEMENT | |
| Edition statement | Second edition |
| 260 ## - PUBLICATION, DISTRIBUTION, ETC. | |
| Place of publication, distribution, etc. | Hyderabad |
| Name of publisher, distributor, etc. | Bsr publication |
| Date of publication, distribution, etc. | 2025 |
| 300 ## - PHYSICAL DESCRIPTION | |
| Other physical details | 220.p |
| Size of unit | 22cms |
| 650 ## - SUBJECT ADDED ENTRY--TOPICAL TERM | |
| Source of heading or term | Library classification |
| 942 ## - ADDED ENTRY ELEMENTS (KOHA) | |
| Source of classification or shelving scheme | Dewey Decimal Classification |
| Koha item type | BOOKS |
| Suppress in OPAC | No |
| Withdrawn status | Lost status | Source of classification or shelving scheme | Damaged status | Not for loan | Home library | Current library | Date acquired | Total checkouts | Barcode | Date last seen | Price effective from | Koha item type |
|---|---|---|---|---|---|---|---|---|---|---|---|---|
| Dewey Decimal Classification | Centerville | Centerville | 16/04/2026 | CPL26040031 | 16/04/2026 | 16/04/2026 | BOOKS | |||||
| Dewey Decimal Classification | Centerville | Centerville | 16/04/2026 | CPL26040032 | 16/04/2026 | 16/04/2026 | BOOKS | |||||
| Dewey Decimal Classification | Centerville | Centerville | 16/04/2026 | CPL26040033 | 16/04/2026 | 16/04/2026 | BOOKS | |||||
| Dewey Decimal Classification | Centerville | Centerville | 16/04/2026 | CPL26040034 | 16/04/2026 | 16/04/2026 | BOOKS | |||||
| Dewey Decimal Classification | Centerville | Centerville | 16/04/2026 | CPL26040035 | 16/04/2026 | 16/04/2026 | BOOKS | |||||
| Dewey Decimal Classification | Centerville | Centerville | 16/04/2026 | CPL26040036 | 16/04/2026 | 16/04/2026 | BOOKS | |||||
| Dewey Decimal Classification | Centerville | Centerville | 16/04/2026 | 26040032 | 16/04/2026 | 16/04/2026 | BOOKS | |||||
| Dewey Decimal Classification | Centerville | Centerville | 16/04/2026 | CPL26040037 | 16/04/2026 | 16/04/2026 | BOOKS | |||||
| Dewey Decimal Classification | Centerville | Centerville | 16/04/2026 | CPL26040038 | 16/04/2026 | 16/04/2026 | BOOKS | |||||
| Dewey Decimal Classification | Centerville | Centerville | 16/04/2026 | CPL26040039 | 16/04/2026 | 16/04/2026 | BOOKS | |||||
| Dewey Decimal Classification | Centerville | Centerville | 16/04/2026 | CPL26040040 | 16/04/2026 | 16/04/2026 | BOOKS | |||||
| Dewey Decimal Classification | Centerville | Centerville | 16/04/2026 | CPL26040041 | 16/04/2026 | 16/04/2026 | BOOKS |